000 00256nam a2200097Ia 4500
001 691595
005 20250826161838.0
008 250824s9999 xx 000 0 und d
245 0 _aOĞLUMA AHLAK ÜSTÜNÜ ÖĞÜTLER
_cFERNANDO SAVATER
260 _bİLETİŞİM
999 _c691595
_d691595